| 000 | 00470nam a22001697a 4500 | ||
|---|---|---|---|
| 999 |
_c4628 _d4628 |
||
| 003 | GBCCL | ||
| 005 | 20241126110523.0 | ||
| 008 | 180129b xxu||||| |||| 00| 0 eng d | ||
| 040 | _cgbc | ||
| 082 |
_aVER 248.4 _bKHA |
||
| 100 |
_aKhaizakham, Kh _98513 |
||
| 245 |
_aSomkona Um Christian le Adin Jangkitna: _bKahechentai Zu / _cKh. Khaizakham |
||
| 260 |
_aM. Songgel: _bJ. Lhungdim, _c2013 |
||
| 300 |
_a89 p.; _c23 cm. |
||
| 650 |
_aChristian life _9183 |
||
| 942 |
_2ddc _cBK |
||